Billy Joel Lyrics Quiz (Part 01) - Statistics

General Stats
  • This quiz has been taken 287 times
  • The average score is 45 of 146
Answer Stats
They % Correct
a
92%
I
91%
the
82%
we
69%
And
59%
and
59%
To
56%
In
55%
in
55%
are
50%
can
48%
for
48%
For
48%
is
48%
my
47%
that
47%
say
46%
So
46%
It's
44%
all
42%
time
41%
of
40%
not
38%
What
38%
But
33%
don't
33%
there
33%
us
33%
only
32%
ever
31%
have
30%
as
28%
our
28%
Our
28%
I've
27%
or
27%
best
24%
How
24%
they're
24%
with
24%
With
24%
always
23%
these
22%
known
21%
times
21%
believe
19%
eyes
19%
Now
19%
sad
19%
seen
17%
we'll
17%
euphoria
16%
own
16%
same
16%
either
15%
hand
15%
sadness
15%
lives
14%
lover's
14%
stand
14%
sympathize
14%
apart
13%
cathedrals
13%
Surrender
13%
meditation
12%
situations
12%
though
12%
conclusions
10%
insanity
10%
changed
9%
coexists
9%
compromise
9%
each
9%
experience
9%
forced
9%
inhumanity
9%
nothing's
9%
realize
9%
reason
9%
recognize
9%
similarities
9%
upon
9%
argue
8%
Between
8%
choose
8%
ledges
8%
madness
8%
mutual
8%
respective
8%
separate
8%
reality
7%
fantasies
6%
other's
6%
dissipate
5%
energies
5%
fulfill
5%
Perhaps
5%
thoughtlessly
5%
No matching quizzes found
Score Distribution
Percent of People with Each Score
Percentile by Number Answered
Your Score History
You have not taken this quiz